[Event "Jerusalem Israel op"]
[Site "Jerusalem"]
[Date "2019.12.20"]
[Round "8"]
[White "Kunin, Michael"]
[Black "Lahav, Michal"]
[Result "0-1"]
[WhiteElo "2102"]
[BlackElo "2244"]
[PlyCount "124"]
[EventDate "2019.12.12"]
[EventType "swiss"]
[EventRounds "9"]
[EventCountry "ISR"]
[SourceTitle "CBM 193 Extra"]
[Source "ChessBase"]
[SourceDate "2020.01.31"]
[SourceVersion "1"]
[SourceVersionDate "2020.01.31"]
[SourceQuality "1"]

1. e4 e6 2. d4 d5 3. Nd2 Be7 4. e5 c5 5. c3 cxd4 6. cxd4 Qb6 7. Ndf3 Nc6 8. Bd3 Bd7 9. Ne2 Nh6 10. 0-0 Nf5 11. Bxf5 exf5 12. Nf4 Be6 13. Nh5 Rg8 14. Qd3 0-0-0 15. a3 Kb8 16. b4 Rc8 17. Rd1 Ka8 18. Bg5 h6 19. Bxe7 Nxe7 20. Rac1 g5 21. Rc5 Rxc5 22. bxc5 Qa5 23. Nf6 Rc8 24. Rb1 Nc6 25. Ne1 f4 26. Nc2 Qc7 27. Nb4 Nxe5 28. Qc3 Nc6 29. Nfxd5 Bxd5 30. Nxd5 Qd7 31. Qb2 Na5 32. Nb4 Nc6 33. Nxc6 Rxc6 34. h3 Rc7 35. Qc3 a6 36. Re1 Ka7 37. Qc4 Qc6 38. Re5 f3 39. gxf3 Qxf3 40. d5 Qxa3 41. Rf5 Qxc5 42. Qxc5+ Rxc5 43. Rxf7 Rxd5 44. Rf6 h5 45. Rh6 h4 46. Kg2 a5 47. f4 gxf4 48. Rxh4 Rf5 49. Kf3 Ka6 50. Rg4 a4 51. h4 a3 52. Rg2 b5 53. Ra2 b4 54. Kg4 Rf8 55. h5 Kb5 56. h6 Ka4 57. Rf2 b3 58. Kg5 a2 59. Rf1 b2 60. h7 b1Q 61. Rxf4+ Rxf4 62. h8Q Qf5+ 0-1

[Event "Jerusalem Israel op"]
[Site "Jerusalem"]
[Date "2019.12.19"]
[Round "7"]
[White "Kunin, Michael"]
[Black "Cohen Revivo, Shoham"]
[Result "1-0"]
[WhiteElo "2102"]
[BlackElo "2261"]
[PlyCount "117"]
[EventDate "2019.12.12"]
[EventType "swiss"]
[EventRounds "9"]
[EventCountry "ISR"]
[SourceTitle "CBM 193 Extra"]
[Source "ChessBase"]
[SourceDate "2020.01.31"]
[SourceVersion "1"]
[SourceVersionDate "2020.01.31"]
[SourceQuality "1"]

1. e4 c5 2. Nf3 Nc6 3. Bb5 g6 4. d3 Bg7 5. 0-0 e5 6. Nc3 Nge7 7. Bc4 0-0 8. Ng5 h6 9. Nxf7 Rxf7 10. Bxf7+ Kxf7 11. f4 exf4 12. Bxf4 Kg8 13. Bd6 Ne5 14. Qe2 N7c6 15. Nd5 b6 16. Rf2 Bb7 17. Raf1 Qg5 18. Nc7 Rc8 19. c3 Rxc7 20. Bxc7 Ba6 21. Rd1 Qe7 22. Bxe5 Nxe5 23. Qc2 Qg5 24. Qa4 Bxd3 25. Rxd3 Qc1+ 26. Rd1 Qe3 27. Qc2 Kh7 28. Qe2 Qg5 29. Rd5 d6 30. Rxe5 Qxe5 31. Rf7 d5 32. Rxa7 dxe4 33. Qe3 Qd5 34. g3 Qd1+ 35. Kg2 Qc2+ 36. Qf2 Qd3 37. Re7 h5 38. a4 Qd5 39. Qe3 Qb3 40. Qe2 e3 41. Rxe3 Qxa4 42. Re7 Qc6+ 43. Qe4 Qd6 44. Re6 Qd2+ 45. Kh3 Qg5 46. Rxb6 Bf6 47. Qf4 Qxf4 48. gxf4 Kg7 49. Rb7+ Kf8 50. b4 c4 51. Rc7 Bxc3 52. Rxc4 Bd2 53. Kg3 Ke7 54. Re4+ Kf6 55. b5 Ba5 56. Ra4 Bc7 57. b6 Bd6 58. b7 g5 59. Ra6 1-0

[Event "Jerusalem Israel op"]
[Site "Jerusalem"]
[Date "2019.12.18"]
[Round "6"]
[White "Sokolovsky, Yahli"]
[Black "Kunin, Michael"]
[Result "0-1"]
[WhiteElo "2045"]
[BlackElo "2102"]
[PlyCount "122"]
[EventDate "2019.12.12"]
[EventType "swiss"]
[EventRounds "9"]
[EventCountry "ISR"]
[SourceTitle "CBM 193 Extra"]
[Source "ChessBase"]
[SourceDate "2020.01.31"]
[SourceVersion "1"]
[SourceVersionDate "2020.01.31"]
[SourceQuality "1"]

1. e4 c5 2. Nf3 e6 3. d4 cxd4 4. Nxd4 a6 5. Be2 b5 6. a4 b4 7. 0-0 Bb7 8. Nd2 d6 9. Re1 Nf6 10. Bf3 Nbd7 11. c3 bxc3 12. bxc3 Ne5 13. Be2 Qc7 14. Qc2 Be7 15. f4 Ned7 16. Bf3 Rc8 17. Rb1 Ba8 18. Ne2 h6 19. f5 e5 20. Ba3 0-0 21. Kh1 Rfe8 22. c4 d5 23. Bxe7 Rxe7 24. exd5 e4 25. Nxe4 Nxd5 26. N2g3 Ne5 27. f6 Nxf3 28. fxe7 Nxe1 29. Rxe1 Nxe7 30. c5 Ng6 31. Qf2 Nf4 32. Rf1 Ne6 33. Nd6 Rf8 34. Ngf5 Qxc5 35. Qg3 Kh7 36. Re1 g6 37. Nh4 Qg5 38. Re5 Qxg3 39. hxg3 Kg7 40. Ra5 Nc7 41. Rc5 Nd5 42. Nf3 Rb8 43. Ne5 Rb1+ 44. Kh2 Ne3 45. Ndc4 Nxg2 46. Rc7 Ne3 47. g4 Nf1+ 48. Kg1 Ne3+ 49. Kf2 Nxc4 50. Rxc4 Kf6 51. Nf3 Rb2+ 52. Ke1 Bxf3 53. Rf4+ Kg5 54. Rxf3 f6 55. Rc3 Rb4 56. Rc5+ Kxg4 57. a5 Ra4 58. Kd2 h5 59. Kc3 h4 60. Kb3 Rf4 61. Rc6 h3 0-1

[Event "Kiryat Ono Summer op"]
[Site "Kiryat Ono"]
[Date "2016.07.07"]
[Round "5"]
[White "Kunin, Michael"]
[Black "Milikow, Yoav"]
[Result "1-0"]
[WhiteElo "2133"]
[BlackElo "1938"]
[PlyCount "51"]
[EventDate "2016.07.03"]
[EventType "swiss"]
[EventRounds "5"]
[EventCountry "ISR"]
[SourceTitle "CBM 173 Extra"]
[Source "ChessBase"]
[SourceDate "2016.08.29"]
[SourceVersion "1"]
[SourceVersionDate "2016.08.29"]
[SourceQuality "1"]

1. e4 c6 2. d4 d5 3. Nd2 dxe4 4. Nxe4 Bf5 5. Ng3 Bg6 6. Nf3 Nd7 7. Bc4 e6 8. 0-0 Qc7 9. Qe2 0-0-0 10. c3 Ngf6 11. b4 Nb6 12. a4 Nfd5 13. Bd2 Nf4 14. Bxf4 Qxf4 15. a5 Nd5 16. Rfc1 Bd6 17. b5 c5 18. b6 axb6 19. Bxd5 exd5 20. axb6 c4 21. Qb2 Rhe8 22. Qb5 Re6 23. Ne5 Bd3 24. Re1 Qd2 25. Qxd5 Qxc3 26. Ra8+ 1-0

[Event "EU-ch 16th"]
[Site "Jerusalem"]
[Date "2015.03.02"]
[Round "6"]
[White "Kantsler, Boris"]
[Black "Kunin, Michael"]
[Result "1-0"]
[WhiteElo "2435"]
[BlackElo "2147"]
[PlyCount "47"]
[EventDate "2015.02.24"]
[EventType "swiss"]
[EventRounds "11"]
[EventCountry "ISR"]
[SourceTitle "CBM 166"]
[Source "ChessBase"]
[SourceDate "2015.05.11"]
[SourceVersion "1"]
[SourceVersionDate "2015.05.11"]
[SourceQuality "1"]

1. d4 d5 2. c4 c6 3. Nf3 e6 4. Nc3 f5 5. Bf4 Nf6 6. e3 Be7 7. Bd3 0-0 8. h3 Ne4 9. Qc2 Nd7 10. g4 g5 11. Bg3 Nxg3 12. fxg3 Qc7 13. Kf2 Nf6 14. gxf5 exf5 15. cxd5 cxd5 16. Kg2 h6 17. Bxf5 Bd6 18. Rhf1 Bxg3 19. Bxc8 Ne4 20. Be6+ Kg7 21. Bxd5 Nf6 22. Bb3 Rae8 23. Ne2 Nd5 24. Qxc7+ 1-0

[Event "EU-ch 16th"]
[Site "Jerusalem"]
[Date "2015.02.26"]
[Round "3"]
[White "Kunin, Michael"]
[Black "Yuffa, Daniil"]
[Result "0-1"]
[WhiteElo "2147"]
[BlackElo "2469"]
[PlyCount "66"]
[EventDate "2015.02.24"]
[EventType "swiss"]
[EventRounds "11"]
[EventCountry "ISR"]
[SourceTitle "CBM 166"]
[Source "ChessBase"]
[SourceDate "2015.05.11"]
[SourceVersion "1"]
[SourceVersionDate "2015.05.11"]
[SourceQuality "1"]

1. e4 c6 2. d4 d5 3. Nd2 dxe4 4. Nxe4 Bf5 5. Ng3 Bg6 6. Nf3 Nd7 7. Bc4 e6 8. 0-0 Ngf6 9. Qe2 Be7 10. c3 Qc7 11. Ne5 Nxe5 12. dxe5 Nd5 13. f4 0-0-0 14. Ne4 f6 15. exf6 gxf6 16. Ng3 Bf7 17. Bb3 h5 18. c4 Nb4 19. Be3 h4 20. Ne4 h3 21. g3 Bg6 22. Nf2 Bh5 23. Qe1 c5 24. a3 Qc6 25. Nxh3 Nd3 26. Qc3 Bg4 27. Bd1 Bxh3 28. Bf3 Qb6 29. Rfd1 Bf5 30. Rd2 e5 31. Bd5 exf4 32. Rxd3 Bxd3 33. Bxf4 Rxd5 0-1